000 00614nam a2200193Ia 4500
003 IN-BaIIA
008 211028s9999 xx 000 0 eng d
040 _cIIA Library
080 _a083.7:669.14.122.4
_bISI
110 _aIndian Standards Institution
245 0 _aIndian standard dimensions for hot rolled steel beams
_bpt. 1, MB series
_cIndian Standards Institution
260 _aNew Delhi
_bIndian Standards Institution
_c1973
300 _a3p.
500 _aIS 808 : Part 1 : 1973
650 _a Rolled Steal Beams-Standards
_99193
650 _a Standards 
650 _aNASA Thesaurus 
942 _cBK
999 _c5202
_d5202